00411nam a2200145 a 450000500170000000800410001702000180005805000230007610000280009924500520012726000350017930000090021444000290022365000130025220140412111427.0090226s19uu xx 00 eng d a0-439-74405-9 aTR(PS EbBa31 1998 aCapucilli, Alyssa Satin aBathtime for biscuit /cAlyssa Satin Capucilli. aNew York :bScholastic,c2005. a28p. aMy First I Can Read Book aBathtime